书目信息 |
| 题名: |
农业科学方法概论
|
|
| 作者: | 刘旭 编著 | |
| 分册: | ||
| 出版信息: | 北京 科学出版社 2011.09 |
|
| 页数: | 329页 | |
| 开本: | 26cm | |
| 丛书名: | 农业科学方法丛书 | |
| 单 册: | ||
| 中图分类: | S-03 | |
| 科图分类: | ||
| 主题词: | 农业科学--科学方法论 , 农业科学 , 科学方法论 | |
| 电子资源: | ||
| ISBN: | 978-7-03-032385-9 | |
| 000 | 01176oam2 2200301 45 | |
| 001 | 1355391249 | |
| 005 | 20130513145437.73 | |
| 010 | @a978-7-03-032385-9@b精装@dCNY78.00 | |
| 100 | @a20130108d2011 em y0chiy0110 ea | |
| 101 | 0 | @achi |
| 102 | @aCN@b110000 | |
| 105 | @ay z 000yy | |
| 106 | @ar | |
| 200 | 1 | @a农业科学方法概论@ANong Ye Ke Xue Fang Fa Gai Lun@f刘旭等编著@FLiu Xu Deng Bian Zhu |
| 210 | @a北京@c科学出版社@d2011.09 | |
| 215 | @a329页@d26cm | |
| 225 | 2 | @a农业科学方法丛书 |
| 300 | @a科技部创新方法工作资助 | |
| 304 | @a编著者还有:戴小枫、樊龙江、张峭、曹永生 | |
| 330 | @a本书分三篇。第一篇是导论篇;第二篇是古代农业科学方法篇,阐述了中国古代农业科学技术发展历程,总结了中国古代农业科学思维、科学方法与科学工具,论述了农业科学思维、方法和工具对中国古代农业科学技术发展的影响;第三篇是现代农业科学方法篇,论述了中国现代农业科学技术发展演进,总结了现代农业科学方法的一般方法、特征方法和工具。 | |
| 461 | 0 | @12001 @a农业科学方法丛书 |
| 606 | 0 | @a农业科学@x科学方法论 |
| 606 | 0 | @a农业科学 |
| 606 | 0 | @a科学方法论 |
| 690 | @aS-03@v5 | |
| 701 | 0 | @a刘旭@ALiu Xu@4编著 |
| 801 | @aCN@bTANGWEI@c20130111 | |
| 905 | @b0830887-89@dS-03@e42@f3 | |
| 农业科学方法概论/刘旭等编著.-北京:科学出版社,2011.09 |
| 329页;26cm.-(农业科学方法丛书) |
| 科技部创新方法工作资助 |
| ISBN 978-7-03-032385-9(精装):CNY78.00 |
| 本书分三篇。第一篇是导论篇;第二篇是古代农业科学方法篇,阐述了中国古代农业科学技术发展历程,总结了中国古代农业科学思维、科学方法与科学工具,论述了农业科学思维、方法和工具对中国古代农业科学技术发展的影响;第三篇是现代农业科学方法篇,论述了中国现代农业科学技术发展演进,总结了现代农业科学方法的一般方法、特征方法和工具。 |
| ● |
| 相关链接 |
|
|
|
|
正题名:农业科学方法概论
索取号:S-03/42
 
预约/预借
| 序号 | 登录号 | 条形码 | 馆藏地/架位号 | 状态 | 备注 |
| 1 | 0830887 | 208308874 | 第二样本阅览室/ [索取号:S-03/42] | 在馆 | |
| 2 | 0830888 | 208308883 | 第三借阅区/ [索取号:S-03/42] | 在馆 | |
| 3 | 0830889 | 208308892 | 第三借阅区/ [索取号:S-03/42] | 在馆 |